Statistics for Languages by Map

Click here to take the quiz!

General Stats

  • This quiz has been taken 634 times
  • The average score is 16 of 20

Answer Stats

Country % Correct
English
100%
Spanish
99%
French
98%
Chinese
97%
German
97%
Portuguese
97%
Russian
96%
Italian
95%
Arabic
95%
Swedish
91%
Persian
88%
Romanian
86%
Korean
85%
Uzbek
75%
Croatian
74%
Swahili
73%
Urdu
69%
Berber
49%
Amharic
44%
Gilbertese
23%

Score Distribution

Percentile by Number Answered

Percent of People with Each Score

Your Score History

You have not taken this quiz